| 000 | 00411nam a2200145Ia 4500 | ||
|---|---|---|---|
| 005 | 20260328101511.0 | ||
| 008 | 260328s9999||||xx |||||||||||||| ||und|| | ||
| 100 | _aRoberts, Bryan | ||
| 245 | 0 |
_aCiudades de campesinos : _b La economía política de la Urbanización en el tercer Mundo / _cBryan Roberts |
|
| 250 | _a1a ed. | ||
| 260 | _bSiglo Veintiuno | ||
| 300 | _a303 p. | ||
| 650 | _aURBANISMO | ||
| 942 | _cBK | ||
| 999 |
_c9213 _d9213 |
||